Switchソフト売上本数ランキング - Statistics

General Stats
  • This quiz has been taken 696 times
  • The average score is 6 of 20
Answer Stats
順位 備考 答え % Correct
1 略称で可 あつまれどうぶつの森
64%
6 スプラトゥーン2
54%
7 スプラトゥーン3
53%
15 略称で可 ゼルダの伝説ブレスオブザワイルド
48%
2 マリオカート8デラックス
46%
3 一部カタカナでも可 大乱闘スマッシュブラザーズSPECIAL
40%
4 略称で可 ポケットモンスタースカーレットバイオレット
39%
5 略称で可 ポケットモンスターソードシールド
35%
12 スーパーマリオオデッセイ
31%
9 Minecraft
26%
10 略称で可 桃太郎電鉄 〜昭和 平成 令和も定番!〜
24%
16 略称で可 スーパーマリオパーティ
23%
19 スーパーマリオメーカー2
17%
8 リングフィットアドベンチャー
15%
17 略称で可 ゼルダの伝説ティアーズオブザキングダム
14%
11 略称で可 ポケットモンスターブリリアントダイヤモンドシャイニングパール
9%
13 モンスターハンターライズ
9%
18 略称で可 ポケットモンスターLet’s Go! ピカチュウ・Let’s Go!イーブイ
9%
14 略称及びカタカナでも可 PokemonLegendsアルセウス
9%
20 NewスーパーマリオブラザーズUデラックス
4%
No matching quizzes found
Score Distribution
Percent of People with Each Score
Percentile by Number Answered
Your Score History
You have not taken this quiz